| 000 | 01496cam a2200301 4500 | ||
|---|---|---|---|
| 001 | ##L134754 | ||
| 002 | ##4748 | ||
| 008 | 060830n2006 000 0 eng u | ||
| 020 |
_a0632053860 _a9781405172820 |
||
| 035 | _a(Sirsi) u134754 | ||
| 041 | 0 | _aeng | |
| 050 | 0 | 4 |
_a624.08 $2 18 _a343.4107862 $2 22 |
| 100 | 1 | _aEggleston, Brian | |
| 245 | 0 | 4 |
_aThe NEC3 Engineering and Construction Contract _ba commentary _h[electronic resource] |
| 250 | _a2nd ed. | ||
| 260 |
_aOxford _bBlackwell Science _c2006 |
||
| 300 | _aeBook | ||
| 350 | _a65 | ||
| 520 | _aProvides a detailed commentary on the third edition of the New Engineering Contract (NEC3). Discusses how the contract is intended to operate and outlines each clause to consider its application and legal interpretation. Particular emphasis is given to the revised compensation event procedures in NEC3, the role of the project manager, obligations of the parties, liabilities of the parties, and revised dispute resolution procedures. Table of cases. | ||
| 520 | _aSupersedes "The New Engineering Contract: a commentary" (ISBN 0632057424). | ||
| 590 | _aIKA190906 NTK | ||
| 650 | 2 | 4 | _aNEW ENGINEERING CONTRACT (THIRD EDITION) |
| 650 | 2 | 4 | _aEBOOK |
| 651 | 4 |
_aUnited Kingdom _y |
|
| 690 | _aBUILT ENVIRONMENT-BUILDING CONTRACT FORMS-STANDARD FORMS OF BUILDING CONTRACT-NEW ENGINEERING CONTRACT CONTRACTS | ||
| 856 | 4 | 8 |
_uhttps://www.vlebooks.com/ _zView on VLEbooks. Logins for members only from [email protected] |
| 942 | _n0 | ||
| 999 |
_c105795 _d105795 |
||